Mūjaz fī waṣf al-āthār al-hāmmah

محفوظ في:

المؤلف الرئيسي: al-Matḥaf al-Miṣrī..

التنسيق: كتاب

اللغة: Undetermined

منشور في: Cairo : Maṭbaʻat Dār al-Kutub al-Miṣrīyah, 1987.

الموضوعات:

الوسوم: إضافة وسم

لا توجد وسوم, كن أول من يضع وسما على هذه التسجيلة!

رقم الطلب: DT59 .C243 M393

LEADER 00599nam a2200193Ia 4500
008 240329s9999||||xx |||||||||||||| ||und||
050 4 |a DT59 .C243 M393 
100 1 |a al-Matḥaf al-Miṣrī.. 
245 1 0 |a Mūjaz fī waṣf al-āthār al-hāmmah  |c al-Matḥaf al-Miṣrī. 
264 1 |a Cairo :  |b Maṭbaʻat Dār al-Kutub al-Miṣrīyah,  |c 1987. 
300 |a 367  |c 20 cm 
500 |a At head of title page: al-Matḥaf al-Miṣrī  
500 |a Includes indexes  
650 |a  Catalogs  
650 |a Catalogues  
650 |a Egypt  
650 |a Egypt Antiquities 
942 |2 lcc  |c BK 
999 |c 57692  |d 57692